[Event "IND-ch 58th"]
[Site "Kanpur"]
[Date "2022.02.27"]
[Round "5"]
[White "Jain, Shrenhik Daklia"]
[Black "Iniyan, Panneerseluam"]
[Result "0-1"]
[WhiteElo "2049"]
[BlackElo "2516"]
[PlyCount "88"]
[EventDate "2022.02.25"]
[EventType "swiss"]
[EventRounds "11"]
[EventCountry "IND"]
[SourceTitle "CBM 207 Extra"]
[Source "ChessBase"]
[SourceDate "2022.05.31"]
[SourceVersion "1"]
[SourceVersionDate "2022.05.31"]
[SourceQuality "1"]

1. d4 Nf6 2. c4 e6 3. Nf3 b6 4. g3 Ba6 5. b3 Bb4+ 6. Bd2 Be7 7. Bg2 0-0 8. 0-0 c6 9. Bc1 d5 10. Nbd2 Nbd7 11. Bb2 Rc8 12. Rc1 c5 13. cxd5 exd5 14. Re1 Bb7 15. Ne5 Re8 16. e3 Nf8 17. Ndf3 Ne4 18. Nd2 Nd6 19. Nf1 Ne4 20. Nd2 Nf6 21. Ndf3 Rc7 22. dxc5 bxc5 23. Ng5 Bd6 24. Nexf7 Rxf7 25. Nxf7 Kxf7 26. Bxf6 Qxf6 27. Bxd5+ Bxd5 28. Qxd5+ Qe6 29. Red1 Be7 30. Qb7 Qb6 31. Qd5+ Qe6 32. Qb7 Rc8 33. Qxa7 Ng6 34. Qb7 Ne5 35. Qe4 g6 36. Kg2 Rb8 37. Rd5 Nc6 38. Qf4+ Kg7 39. Rd2 Rf8 40. Qa4 g5 41. h3 h5 42. Qc4 Qf5 43. Qd5 Qg6 44. a3 Rd8 0-1